| 000 | 00496nam a22001577a 4500 | ||
|---|---|---|---|
| 008 | 240902b |||||||| |||| 00| 0 eng d | ||
| 020 | _a9781138231825 | ||
| 082 | _a338.10 | ||
| 100 | _aPingali Prabhu | ||
| 245 |
_aAgriculture and Rural Development in a Globalising World: Challenges and Opportunities. _b Challenges and Opportunities. |
||
| 260 |
_aNew York _bRoutledge _c2017 |
||
| 300 |
_axxiii, 380 p.; _c23.5 Cm. |
||
| 700 |
_aFeder Gershon _eEditor. |
||
| 942 | _2ddc | ||
| 999 |
_c9994 _d9995 |
||